000 00898cam a2200253 i 4500
001 bg
003 KOSZ 005
005 20190930083155.0
008 021127s2000 pl f f |000 0 pol d
020 _a8385809457
040 _cKOSZ 005/HR
_aKOSZ 005/HR
_dKOSZ 005/HR
080 _a330.101.541
080 _a(075.8)
100 1 _aPróchnicki, Lech.
245 1 0 _aZrozumieć gospodarkę - makroekonomia /
_cLech Próchnicki ; Zachodniopomorska Szkoła Businessu.
250 _aWyd. 4 rozsz., [dodr.].
260 _aSzczecin :
_bZSB,
_c2000.
300 _a488 s. :
_brys., wykr. ;
_c24 cm.
655 4 _aPodręczniki akademickie
650 4 _aMakroekonomia
710 0 _aZachodniopomorska Szkoła Businessu (Szczecin).
_bWydawnictwo.
_4pbl.
856 _uhttp://koha.tu.koszalin.pl/cgi-bin/koha/opac-detail.pl?biblionumber=41993
_yKatalog online BPK
942 _cKS
_2UKD
999 _c41993
_d41993